Statistics for Guess the Taylor Swift song no hints #26

Click here to take the quiz!

General Stats

  • This quiz has been taken 75 times
  • The average score is 217 of 310

Answer Stats

Answer% Correct
a
98%
I
98%
you
98%
me
97%
We
95%
we
95%
the
94%
where
94%
your
92%
Your
92%
an
91%
be
91%
In
91%
in
91%
love
91%
were
91%
on
89%
To
89%
it
88%
and
86%
And
86%
my
86%
My
86%
so
86%
that
86%
he
84%
I'm
84%
was
83%
No
81%
not
80%
Like
78%
all
77%
is
77%
it's
77%
at
75%
her
75%
if
75%
but
73%
Cause
72%
with
72%
by
70%
just
70%
Paris
70%
see
70%
up
70%
Did
69%
out
67%
didn't
66%
oh
66%
Oh
66%
Some
66%
though
63%
has
61%
news
61%
stop
61%
down
59%
that's
59%
yours
58%
bedroom
56%
else
56%
Into
56%
might
56%
somewhere
56%
wanna
56%
breathing
55%
make
55%
Met
55%
mind
55%
forever
53%
mean
53%
thanks
53%
ceiling
52%
champagne
52%
Drew
52%
drew
52%
kissed
52%
made
52%
sister
52%
Yes
52%
alleyway
50%
believe
50%
guy
50%
keep
50%
kind
50%
map
50%
view
50%
ages
48%
ago
48%
ex-friend's
48%
hooked
48%
loving
48%
outfits
48%
photos?
48%
side
48%
taken
48%
terrible
48%
tree
48%
Z-lister
48%
club
47%
door
47%
sign
47%
Sit
47%
Turns
47%
unbearable
47%
under
47%
whole
47%
world
47%
brainwash
45%
drinking
45%
grown
45%
shade
45%
someone
45%
wine
45%
2003
44%
Cheap
44%
clever
44%
culture's
44%
only
44%
Romance
44%
wannabe
44%
Let
42%
midnight
42%
page
42%
dead
41%
transport
41%
alleyways
39%
flashing
39%
lights
39%
messes
39%
Privacy
39%
thrown
39%
tower
39%
cursive
38%
letters
38%
pretend
38%
swooping
38%
truth
38%
quiet
36%
sloping
36%
Confess
34%
Levitate
34%
Stumbled
34%
above
33%

Score Distribution

Percentile by Number Answered

Percent of People with Each Score

Your Score History

You have not taken this quiz